Auditing and assurance service. / (Record no. 2957)
[ view plain ]
| 000 -LEADER | |
|---|---|
| fixed length control field | 00935nam a22002057a 4500 |
| 008 - FIXED-LENGTH DATA ELEMENTS--GENERAL INFORMATION | |
| fixed length control field | 140604b xxu||||| |||| 00| 0 eng d |
| 020 ## - INTERNATIONAL STANDARD BOOK NUMBER | |
| International Standard Book Number | 9780071283120 |
| 050 ## - LIBRARY OF CONGRESS CALL NUMBER | |
| Classification number | HF5667.A815 |
| 100 ## - MAIN ENTRY--PERSONAL NAME | |
| Personal name | Louwers,Timothy J. |
| 245 ## - TITLE STATEMENT | |
| Title | Auditing and assurance service. / |
| Statement of responsibility, etc. | Timothy J.Louwers |
| 250 ## - EDITION STATEMENT | |
| Edition statement | 3rd ed |
| 260 ## - PUBLICATION, DISTRIBUTION, ETC. | |
| Place of publication, distribution, etc. | Boston; |
| Name of publisher, distributor, etc. | Mcgrow-hill, |
| Date of publication, distribution, etc. | 2008. |
| 300 ## - PHYSICAL DESCRIPTION | |
| Extent | xxiii,865p.; |
| Other physical details | ill: |
| Dimensions | 27cm. |
| 500 ## - GENERAL NOTE | |
| General note | Includes index |
| 521 ## - TARGET AUDIENCE NOTE | |
| Target audience note | Contents: Auditing and assurance services -- Professional standards -- Management fraud and audit risk -- Engagement planning -- Risk assessment:internal control evaluation -- Employee fraud and the audit of cash -- Revenue and collection cycle -- Acquisition and expenditure cycle -- Finance and investment cycle -- Completing the audit -- Reports on audited financial statements. |
| 700 ## - ADDED ENTRY--PERSONAL NAME | |
| Personal name | Robert J.Ramsay. |
| 700 ## - ADDED ENTRY--PERSONAL NAME | |
| Personal name | Jerry R.Strawser. |
| 700 ## - ADDED ENTRY--PERSONAL NAME | |
| Personal name | David H.Sinason. |
| 942 ## - ADDED ENTRY ELEMENTS (KOHA) | |
| Source of classification or shelving scheme | Library of Congress Classification |
| Koha item type | Books |
| Withdrawn status | Lost status | Source of classification or shelving scheme | Damaged status | Not for loan | Home library | Current library | Shelving location | Date acquired | Total Checkouts | Full call number | Barcode | Date last seen | Copy number | Price effective from | Koha item type |
|---|---|---|---|---|---|---|---|---|---|---|---|---|---|---|---|
| Library of Congress Classification | WISCONSIN INTERNATIONAL UNIVERSITY COLLEGE, GHANA - MAIN LIBRARY | WISCONSIN INTERNATIONAL UNIVERSITY COLLEGE, GHANA - MAIN LIBRARY | Reference | 04/06/2014 | HF5667.A815 | 7501/529/13 | 04/06/2014 | 1 | 04/06/2014 | Books |
